| 000 | 00000nam##2200000za#4500 |
| 001 | 9.662799 |
| 003 | CaOODSP |
| 005 | 20200401064433 |
| 007 | ta |
| 008 | 150407|2001||||xxc||||| f|0| 0 eng|d |
| 020 | |a0-662-65747-0 |
| 040 | |aCaOODSP|beng |
| 041 | |aeng |
| 041 | |afre |
| 043 | |an-cn--- |
| 086 | 1 |aC2-566/2001 |
| 110 | 1 |aCanada. |bIndustry Canada. |
| 245 | 10|aEnforcement guidelines on the abuse of dominance provisions (sections 78 and 79 of the Competition Act) |
| 260 | |aOttawa - Ontario : |bIndustry Canada |c2001. |
| 300 | |aEnglish text, 41p. ; |c28 cm. |
| 546 | |aBilingual |
| 563 | |aSoftcover |
| 590 | |a01-36|b2001-09-07 |
| 690 | 07|aCompetition|2gcpds |
| 690 | 07|aLegislation|2gcpds |
| 776 | 0#|tLignes directrices pour l'application des dispositions sur l'abus de position dominante (articles 78 et 79 de la Loi sur la concurrence) |w(CaOODSP)9.630722 |
| 776 | 0#|tEnforcement guidelines on the abuse of dominance provisions (sections 78 and 79 of the Competition Act) |w(CaOODSP)9.686221 |
| 792 | |tLignes directrices pour l'application des dispositions sur l'abus deposition dominante (articles 78 et 79 de la Loi sur la concurrence) |efre|w(CaOODSP)9.662800 |
| 986 | |a53377B |